Smallest countries bordering most populous countries - Statistics

General Stats
  • This quiz has been taken 318 times
  • The average score is 20 of 24
Answer Stats
Answer % Correct
Monaco
98%
France
97%
Luxembourg
97%
Andorra
96%
Bhutan
95%
China
95%
Germany
95%
Spain
95%
Vatican City
95%
India
94%
San Marino
94%
Italy
92%
East Timor
84%
Indonesia
84%
Mexico
84%
Belize
82%
D R Congo
75%
Eswatini
74%
South Africa
74%
Djibouti
73%
Ethiopia
72%
Rwanda
72%
Egypt
55%
Israel
53%
No matching quizzes found
Score Distribution
Percent of People with Each Score
Percentile by Number Answered
Your Score History
You have not taken this quiz